| 000 | 00687nam a2200241Ia 4500 | ||
|---|---|---|---|
| 003 | OSt | ||
| 005 | 20221006144832.0 | ||
| 006 | a|||||r|||| 00| 0 | ||
| 007 | ta | ||
| 008 | 221006b |||||||| |||| 00| 0 eng d | ||
| 020 | _c419.00 | ||
| 024 | _a12,883 | ||
| 037 | _cTextual | ||
| 040 |
_aEASL _cEASL _beng |
||
| 041 |
_2eng _aeng |
||
| 082 | _aV41:1942.N65, M4 | ||
| 100 |
_aTAKAGI Seiichiro _9652985 |
||
| 245 | 0 | _aAnalaysis of Chinese behaviour towards Japan 1950-1965 | |
| 260 |
_aMichigan _bUniversity of Microfilms International _c1977 |
||
| 300 |
_a248p. _ccm. |
||
| 942 |
_hV41:1942.N65, M4 _cTEXL _2CC |
||
| 999 |
_c1080969 _d1080969 |
||